[Event "36th Reykjavik op"]
[Site "Reykjavik ISL"]
[Date "2023.03.29"]
[Round "1.158"]
[White "Jonsdottir, Katrin Maria"]
[Black "Scoccianti, Raffaele"]
[WhiteElo "1071"]
[BlackElo "1796"]
[Result "0-1"]
[EventDate "2023.03.29"]
[PlyCount "12"]

1. e4 d5 2. exd5 Qxd5 3. Nc3 Qe5+ 4. Be2 c6 5. Nf3 Qc7 6. d4 Bg4 (6... Bf5 7. O-O
e6 8. Re1 Nf6 9. Bg5 Nbd7 10. Bd3 Bxd3 11. Qxd3 Be7 12. Rad1 O-O 13. d5 cxd5 14.
Nxd5 Nxd5 15. Bxe7 Rfe8 16. Bh4 Rac8 17. Rd2 N7f6 18. c3 Qf4 19. Bg3 Qa4 20. b3 Qc6
21. c4 Nb4 22. Qe4 (22. Qd4 Na6 23. Bh4 Nc5 24. Bxf6 gxf6 25. Ree2 (25. Rde2 e5 26.
Qg4+ Kh8 27. Qh5 Nd3 28. Re4 Nxe1 29. Rxe1 Rg8 30. Nh4 Qd7 31. g3 Qg4 32. Qh6 Qg5
33. Qxg5 Rxg5 34. Rd1 Rc7 35. Rd3 e4 36. Re3 Re5 37. Ng2 Rd7 38. Re2 Rd1+ 39. Ne1
f5 40. Kg2 Ra1 41. h4 Ra5 42. Re3 R5xa2 43. h5 h6 44. c5 Rb2 45. Kg1 Rab1 46. b4
Rxb4 47. Kh2 R4b2 48. Kg2 Rc1 49. g4 Rxc5 50. Kg3 fxg4 51. Rxe4 Rc3+ 52. Kxg4 Rxf2
53. Kh4 Rc1 54. Nd3 Rh1+ 55. Kg3 Ra2 56. Re8+ Kg7 57. Ne5 Re2 58. Kf4 Rhe1 59. Nd3
Rxe8 60. Nc5 b6 61. Nb3 R1e4+ 62. Kf3 Re3+ 63. Kf2 Rxb3 64. Kf1 Rb2 65. Kg1 Re1#)
25... e5 26. Qg4+ Kh8 27. Qh5 Nd3 28. Re4) 22... Na6 23. Bh4 Nc5)  0-1

[Event "36th Reykjavik op"]
[Site "Reykjavik ISL"]
[Date "2023.03.29"]
[Round "1.159"]
[White "Hipler, Andreas"]
[Black "Abmayr, Annika"]
[WhiteElo "1780"]
[BlackElo "1054"]
[Result "1-0"]
[EventDate "2023.03.29"]
[PlyCount "105"]

1. d4 Nf6 2. Nf3 e6 3. g3 c5 4. Bg2 cxd4 5. O-O d5 6. Nxd4 e5 7. Nb3 Be6 8. Bg5 Be7
9. Bxf6 Bxf6 10. c4 e4 11. Nc3 Bxc3 12. bxc3 O-O 13. Qc2 Qd7 14. Rfd1 Qc6 15. Rd4
dxc4 16. Na5 Qb6 17. Nxc4 Bxc4 18. Rxc4 f5 19. Rb1 Qe6 20. Rc7 b6 21. Qa4 Rd8 22.
Rxa7 Rxa7 23. Qxa7 Nd7 24. Rd1 Qc6 25. Qa3 Ra8 26. Qe7 Nf6 27. Qb4 h6 28. Rd6 Qc5
29. Qb3+ Kh7 30. Rxb6 Rc8 31. e3 Qxc3 32. Qxc3 Rxc3 33. a4 Ra3 34. Ra6 Ra2 35. h3
Kg6 36. Bf1 Ra1 37. Kg2 h5 38. Bb5 Kg5 39. Ra7 g6 40. Rf7 Nd5 41. Rg7 Kf6 42. Rd7
Ke5 43. Rd8 Ra2 44. Kg1 Nc3 45. Be8 Kf6 46. Rc8 Nxa4 47. Rc6+ Kg7 48. Bxg6 h4 49.
gxh4 Nb2 50. Bxf5 Nd3 51. h5 Nxf2 52. h6+ Kh8 53. Rc8#  1-0

[Event "36th Reykjavik op"]
[Site "Reykjavik ISL"]
[Date "2023.03.29"]
[Round "1.160"]
[White "Asgeirsson, Adalsteinn Egill"]
[Black "Boschmann, Alexander"]
[WhiteElo "1052"]
[BlackElo "1779"]
[Result "0-1"]
[EventDate "2023.03.29"]
[PlyCount "84"]

1. d4 f5 2. c4 Nf6 3. Bf4 g6 4. Nc3 Bg7 5. Nf3 O-O 6. e3 d6 7. Bd3 Qe8 8. O-O c6
9. d5 Nbd7 10. Re1 Nb6 11. dxc6 Qxc6 12. Qb3 Kh8 13. e4 e5 14. Bg5 h6 15. Bxf6 Bxf6
16. a4 f4 17. Nd5 Nxd5 18. exd5 Qe8 19. Qc2 g5 20. c5 g4 21. Nd4 Qh5 22. Ne6 Bxe6
23. dxe6 d5 24. c6 Rac8 25. Qc5 bxc6 26. Qd6 e4 27. e7 Bxe7 28. Qxe7 exd3 29. Rad1
Qf5 30. Qxa7 Rfe8 31. Qd4+ Kh7 32. Rxe8 Rxe8 33. g3 f3 34. h4 gxh3 35. Kh2 Re2 36.
Rxd3 Rxf2+ 37. Qxf2 Qxd3 38. Kxh3 Qe2 39. Qa7+ Kg6 40. a5 h5 41. a6 Qg2+ 42. Kh4
Qh2#  0-1

[Event "36th Reykjavik op"]
[Site "Reykjavik ISL"]
[Date "2023.03.30"]
[Round "2.2"]
[White "Carlsson, Ludvig"]
[Black "Grandelius, Nils"]
[WhiteElo "2375"]
[BlackElo "2658"]
[Result "1/2-1/2"]
[EventDate "2023.03.29"]
[PlyCount "219"]

1. e4 c5 2. Nf3 e6 3. d4 cxd4 4. Nxd4 Nc6 5. Nc3 Qc7 6. Be3 a6 7. Bd3 Nf6 8. O-O
b5 9. Nxc6 Qxc6 10. Be2 Bd6 11. Qd4 Bb7 12. Rfd1 Be7 13. Bf3 Qc7 14. e5 Bxf3 15.
gxf3 Nh5 16. f4 f6 17. Ne4 fxe5 18. fxe5 O-O 19. Ng3 Nxg3 20. hxg3 Rad8 21. c4 bxc4
22. Rac1 d5 23. exd6 Rxd6 24. Qe4 Rxd1+ 25. Rxd1 Bf6 26. Qxe6+ Qf7 27. Qc6 Re8 28.
Rc1 Bxb2 29. Rxc4 a5 30. Rc5 Qe6 31. Qxe6+ Rxe6 32. Rxa5 Rd6 33. Ra8+ Kf7 34. Ra4
h5 35. Kg2 Bf6 36. Rc4 Rd3 37. a4 Ra3 38. Bb6 g5 39. a5 h4 40. Rg4 Ke6 41. Re4+ Kf5
42. Re3 Ra4 43. Rf3+ Ke6 44. gxh4 gxh4 45. Re3+ Kf5 46. Re8 Ra3 47. Re3 Ra4 48. Kh3
Bg5 49. Rb3 Bd2 50. Rb5+ Ke6 51. Rh5 Be1 52. f4 Bxa5 53. Re5+ Kd7 54. Rxa5 Rxf4 55.
Ra2 Ke6 56. Bd8 Kd5 57. Ra5+ Ke6 58. Bc7 Rc4 59. Bd8 Rd4 60. Bxh4 Rd3+ 61. Bg3 Rd4
62. Kg2 Rd3 63. Bf4 Rd5 64. Ra3 Rd1 65. Kf3 Rf1+ 66. Ke4 Re1+ 67. Be3 Kd6 68. Ra6+
Kd7 69. Kd4 Rd1+ 70. Ke5 Rd3 71. Bd4 Rd1 72. Kd5 Rd2 73. Ra7+ Kd8 74. Rh7 Rd1 75.
Rg7 Rd2 76. Rb7 Rd1 77. Rh7 Rd2 78. Ke5 Kc8 79. Bg1 Rd7 80. Rh3 Rd1 81. Rc3+ Kd7
82. Bf2 Rd2 83. Bd4 Rd1 84. Rh3 Re1+ 85. Kd5 Rd1 86. Rh7+ Kd8 87. Kc5 Ke8 88. Ra7
Rd2 89. Be5 Rd7 90. Ra8+ Ke7 91. Rh8 Rd1 92. Bd6+ Kd7 93. Rh7+ Ke6 94. Re7+ Kf5 95.
Kc6 Rc1+ 96. Bc5 Rd1 97. Kb5 Rc1 98. Bd4 Rc2 99. Kb4 Rc1 100. Bc3 Rd1 101. Re2 Rd8
102. Be5 Rc8 103. Bd4 Rc7 104. Bc5 Rd7 105. Kc4 Rd8 106. Rf2+ Ke4 107. Re2 Kf5 108.
Bb4 Rd7 109. Rd2 Rxd2 110. Bxd2  1/2-1/2

[Event "36th Reykjavik op"]
[Site "Reykjavik ISL"]
[Date "2023.03.30"]
[Round "2.3"]
[White "Rosen, Eric"]
[Black "Yilmaz, Mustafa"]
[WhiteElo "2357"]
[BlackElo "2629"]
[Result "0-1"]
[EventDate "2023.03.29"]
[PlyCount "134"]

1. e4 c5 2. Nf3 d6 3. Bb5+ Nd7 4. Ba4 Ngf6 5. O-O e6 6. c4 Be7 7. Nc3 O-O 8. d4 cxd4
9. Nxd4 a6 10. Qe2 Qc7 11. Kh1 Ne5 12. Bb3 Nc6 13. Be3 Na5 14. f4 Re8 15. Bf2 b6
16. e5 Nd7 17. Bg3 Bb7 18. f5 dxe5 19. fxe6 fxe6 20. Bc2 Bf6 21. Qh5 Nf8 22. Ne4
Qe7 23. Nf3 Nxc4 24. Rae1 Rac8 25. Bb1 Red8 26. Rf2 Bxe4 27. Bxe4 Nd6 28. Bc2 Qf7
29. Qg4 Rc4 30. Qh3 Nf5 31. Bxe5 Ng6 32. Bb3 Rc6 33. Rfe2 Bxe5 34. Rxe5 Nf4 35. Qg4
Nd4 36. Nxd4 Rxd4 37. g3 h5 38. Qf3 Nd5 39. Qe2 Nc7 40. Rxh5 Qg6 41. Re5 Qh6 42.
Qf3 Rc1 43. h4 Rxh4+ 44. Kg1 Qd2 45. Rxc1 Qxc1+ 46. Qd1 Qxd1+ 47. Bxd1 Rd4 48. Bb3
Rd2 49. Bxe6+ Nxe6 50. Rxe6 Rxb2 51. a4 a5 52. Kf1 Kf7 53. Rc6 g5 54. Ke1 g4 55.
Kd1 Ke7 56. Kc1 Rb4 57. Kc2 Kd7 58. Rf6 Kc7 59. Rf7+ Kc6 60. Rf6+ Kb7 61. Rf7+ Ka6
62. Kc3 Rxa4 63. Kb3 Re4 64. Rf6 a4+ 65. Ka3 Ka5 66. Rf8 Re3+ 67. Kb2 Rxg3  0-1

[Event "36th Reykjavik op"]
[Site "Reykjavik ISL"]
[Date "2023.03.30"]
[Round "2.4"]
[White "Gupta, Abhijeet"]
[Black "Trimitzios, Petros"]
[WhiteElo "2620"]
[BlackElo "2358"]
[Result "1-0"]
[EventDate "2023.03.29"]
[PlyCount "69"]

1. d4 Nf6 2. c4 e6 3. Nf3 d5 4. g3 Bb4+ 5. Nc3 dxc4 6. Bg2 O-O 7. O-O c5 8. dxc5
Bxc5 9. Qxd8 Rxd8 10. Ne5 Be7 11. Nb5 Na6 12. Nxc4 Nd5 13. Rd1 Bd7 14. Nd4 Be8 15.
Na5 Rab8 16. e4 Ndc7 17. Bf4 Bb4 18. Nab3 Ba4 19. Rdc1 Bd6 20. Be3 Be5 21. Rab1 Rbc8
22. Nf3 Bxb3 23. axb3 Bf6 24. Bxa7 Rd3 25. e5 Be7 26. Nd4 Rd8 27. Bxb7 Rd7 28. Ra1
Nb4 29. Bc8 R3xd4 30. Bxd4 Rxd4 31. Rxc7 Nd5 32. Rd7 g6 33. Bb7 Bc5 34. Bxd5 exd5
35. e6  1-0

[Event "36th Reykjavik op"]
[Site "Reykjavik ISL"]
[Date "2023.03.30"]
[Round "2.5"]
[White "Colpe, Malte"]
[Black "Banusz, Tamas"]
[WhiteElo "2356"]
[BlackElo "2616"]
[Result "0-1"]
[EventDate "2023.03.29"]
[PlyCount "110"]

1. d4 d5 2. c4 c6 3. Nf3 Nf6 4. e3 Bf5 5. Nc3 e6 6. Nh4 Be4 7. f3 Bg6 8. Nxg6 hxg6
9. Qc2 Bd6 10. f4 g5 11. c5 Bc7 12. Bd3 Nbd7 13. Ne2 Ba5+ 14. Bd2 Bxd2+ 15. Qxd2
gxf4 16. exf4 b6 17. Rc1 a5 18. O-O g6 19. h3 Ng8 20. Kh1 Ne7 21. Ng1 bxc5 22. dxc5
Nf5 23. Bxf5 gxf5 24. Nf3 Nf6 25. Qd4 Ke7 26. Qe5 Ne4 27. Nd4 Kd7 28. Rfe1 Qc7 29.
Rxe4 fxe4 30. Qf6 Rae8 31. Rc3 a4 32. b4 Qd8 33. Qe5 Qb8 34. Qf6 Qxb4 35. Rg3 Qxc5
36. Rg7 Rhf8 37. f5 Qc1+ 38. Kh2 Qf4+ 39. Kh1 Kd6 40. Rxf7 Qf1+ 41. Kh2 Rg8 42. Rd7+
Kc5 43. Nxe6+ Rxe6 44. Qc3+ Qc4 45. Qa5+ Kd4 46. fxe6 Qc3 47. Qa7+ Kd3 48. Qxa4 Ke2
49. Qb3 Qxb3 50. axb3 e3 51. e7 Re8 52. Kg3 Kd2 53. Ra7 e2 54. Ra2+ Ke3 55. Ra1 d4
 0-1

[Event "36th Reykjavik op"]
[Site "Reykjavik ISL"]
[Date "2023.03.30"]
[Round "2.6"]
[White "Griffith, Kyron"]
[Black "Can, Emre"]
[WhiteElo "2342"]
[BlackElo "2600"]
[Result "1/2-1/2"]
[EventDate "2023.03.29"]
[PlyCount "107"]

1. e4 c5 2. Nf3 d6 3. d4 cxd4 4. Nxd4 Nf6 5. Nc3 a6 6. Rg1 e5 7. Nb3 Be6 8. g4 d5
9. exd5 Nxd5 10. Nxd5 Qxd5 11. Qxd5 Bxd5 12. Be3 Nc6 13. O-O-O O-O-O 14. Bb6 Rd6
15. Rg3 Be6 16. Re1 Be7 17. g5 h6 18. gxh6 Rxh6 19. Rxg7 Rxh2 20. Nc5 Nd4 21. Rg8+
Bd8 22. Bxd8 Rxd8 23. Rxd8+ Kxd8 24. Nxb7+ Kc7 25. Nc5 Bf5 26. Nxa6+ Kb6 27. Nb4
Rxf2 28. Bd3 Bxd3 29. Nxd3 Rxc2+ 30. Kb1 f6 31. Rf1 Rd2 32. Rxf6+ Kc7 33. Rf7+ Kd6
34. Nc1 Rd1 35. Rf8 Kd7 36. Rf7+ Ke6 37. Rf8 e4 38. b4 Ke5 39. Re8+ Kf4 40. Kb2 e3
41. a4 Nf5 42. Ne2+ Kf3 43. Nc3 Rd4 44. b5 Nd6 45. Re6 Ne4 46. Nxe4 Rxe4 47. Rxe4
Kxe4 48. Kc2 Kf3 49. b6 e2 50. b7 e1=Q 51. b8=Q Qe4+ 52. Kb2 Qxa4 53. Qb3+ Qxb3+
54. Kxb3  1/2-1/2

[Event "36th Reykjavik op"]
[Site "Reykjavik ISL"]
[Date "2023.03.30"]
[Round "2.7"]
[White "Erdos, Viktor"]
[Black "Heimisson, Hilmir Freyr"]
[WhiteElo "2587"]
[BlackElo "2351"]
[Result "1/2-1/2"]
[EventDate "2023.03.29"]
[PlyCount "98"]

1. Nf3 d5 2. e3 Nf6 3. c4 e6 4. Nc3 b6 5. b3 Bd6 6. Bb2 O-O 7. Rc1 a6 8. cxd5 exd5
9. g3 Nbd7 10. Bg2 a5 11. O-O Ba6 12. d3 Nc5 13. Ne1 c6 14. Ne2 Rc8 15. Nd4 Qd7 16.
a3 Rfd8 17. b4 Nb7 18. Nef3 h6 19. Re1 axb4 20. axb4 Bxb4 21. Ne5 Qe8 22. Ndxc6 Bxe1
23. Qxe1 Nc5 24. Nxd8 Rxd8 25. Qd1 Qb5 26. Bd4 Qb3 27. Bf1 Qxd1 28. Rxd1 Nfd7 29.
Nc6 Re8 30. Nb4 Bb7 31. Bg2 Ne6 32. Bb2 Nc7 33. h4 Nc5 34. Rb1 f6 35. Bd4 Ra8 36.
Rc1 Ra5 37. g4 Rb5 38. Bc3 N5e6 39. d4 Ra5 40. Nc6 Ra2 41. Ne7+ Kf7 42. Nf5 Ba6 43.
Rb1 Rc2 44. Bb4 Be2 45. e4 Nf4 46. Ne3 Ra2 47. exd5 Nxg2 48. Kxg2 Bd3 49. Re1 Be4+
 1/2-1/2

[Event "36th Reykjavik op"]
[Site "Reykjavik ISL"]
[Date "2023.03.30"]
[Round "2.8"]
[White "Lagarde, Maxime"]
[Black "Panesar, Vedant"]
[WhiteElo "2581"]
[BlackElo "2348"]
[Result "1-0"]
[EventDate "2023.03.29"]
[PlyCount "41"]

1. c4 Nf6 2. Nc3 e5 3. g3 c6 4. d4 e4 5. a3 d5 6. Bg5 Be7 7. Bxf6 Bxf6 8. e3 Be6
9. Nge2 Bg5 10. Qb3 Qd7 11. Nf4 Bxf4 12. cxd5 Bxd5 13. Nxd5 Qxd5 14. Qxb7 Bd6 15.
Qc8+ Ke7 16. Qxh8 Qa5+ 17. Kd1 Qa4+ 18. Kc1 Na6 19. Qxh7 Nc5 20. dxc5 Be5 21. Qh5
 1-0

[Event "36th Reykjavik op"]
[Site "Reykjavik ISL"]
[Date "2023.03.30"]
[Round "2.9"]
[White "Sarkar, Justin"]
[Black "Livaic, Leon"]
[WhiteElo "2338"]
[BlackElo "2569"]
[Result "0-1"]
[EventDate "2023.03.29"]
[PlyCount "100"]

1. d4 Nf6 2. c4 g6 3. g3 Bg7 4. Bg2 O-O 5. Nc3 d6 6. Nf3 Nc6 7. d5 Na5 8. b3 a6 9.
Bb2 c5 10. Nd2 Rb8 11. O-O b5 12. Qc2 e6 13. Rae1 Re8 14. Nd1 Bd7 15. e4 bxc4 16.
bxc4 exd5 17. exd5 Bf5 18. Qc3 Qb6 19. Qf3 Bg4 20. Rxe8+ Rxe8 21. Qf4 Bf5 22. Bc3
Nh5 23. Qf3 Bxc3 24. Qxc3 Qb4 25. Qxb4 cxb4 26. Ne3 Nf6 27. Nxf5 gxf5 28. Rb1 Rb8
29. f4 Kg7 30. Bf3 Nd7 31. Kf2 Nc5 32. Ke3 Kf6 33. Kd4 Rb6 34. Bd1 Nab7 35. Bc2 a5
36. a3 Na6 37. Ba4 Nbc5 38. Bc6 Rb8 39. a4 h5 40. Nf3 Ne4 41. Rb2 Nac5 42. Bb5 Rb7
43. Ne1 Re7 44. Nd3 h4 45. Bc6 h3 46. Bb5 Nxd3 47. Kxd3 Nc5+ 48. Kd2 Kg6 49. Kd1
b3 50. Kd2 Kh5  0-1

[Event "36th Reykjavik op"]
[Site "Reykjavik ISL"]
[Date "2023.03.30"]
[Round "2.10"]
[White "Cornette, Matthieu"]
[Black "Camus de Solliers, Guillaume"]
[WhiteElo "2563"]
[BlackElo "2325"]
[Result "1-0"]
[EventDate "2023.03.29"]
[PlyCount "75"]

1. e4 e6 2. d4 d5 3. e5 c5 4. c3 Nc6 5. Nf3 Qb6 6. Be2 cxd4 7. cxd4 Nge7 8. Na3 Nf5
9. Nc2 Bd7 10. O-O Rc8 11. h4 Be7 12. h5 O-O 13. g4 Nh4 14. Nxh4 Bxh4 15. Kg2 f6
16. Kh3 Bg5 17. f4 fxe5 18. fxg5 exd4 19. h6 Rxf1 20. Bxf1 e5 21. hxg7 e4 22. Be3
Qxb2 23. Rb1 Qxa2 24. Rxb7 Ne5 25. Qxd4 Nf3 26. Qb2 Qxb2 27. Rxb2 Rc3 28. Rb8+ Kxg7
29. Rb7 Rxc2 30. Rxd7+ Kg6 31. Rd6+ Kg7 32. Kg3 Rc3 33. Kf4 d4 34. Rxd4 Rc7 35. Rd5
Rf7+ 36. Rf5 Re7 37. Bc4 Rc7 38. Bd5  1-0

[Event "36th Reykjavik op"]
[Site "Reykjavik ISL"]
[Date "2023.03.30"]
[Round "2.11"]
[White "Papadiamandis, Elliot"]
[Black "Dziuba, Marcin"]
[WhiteElo "2323"]
[BlackElo "2554"]
[Result "1/2-1/2"]
[EventDate "2023.03.29"]
[PlyCount "115"]

1. e4 c6 2. d4 d5 3. Nd2 dxe4 4. Nxe4 Bf5 5. Ng3 Bg6 6. h4 h6 7. Nf3 Nd7 8. h5 Bh7
9. Bd3 Bxd3 10. Qxd3 e6 11. Bd2 Ngf6 12. O-O-O Be7 13. Ne4 Nxe4 14. Qxe4 Nf6 15.
Qd3 c5 16. Qb5+ Qd7 17. Qxd7+ Nxd7 18. Bc3 cxd4 19. Bxd4 Bf6 20. g4 Rc8 21. Rhe1
a6 22. Bxf6 Nxf6 23. Ne5 Ke7 24. f4 Rhd8 25. Rxd8 Rxd8 26. c3 Nd5 27. Re4 Rc8 28.
Kd2 b5 29. Ke2 f5 30. gxf5 exf5 31. Rd4 Ke6 32. Kf3 Nf6 33. a4 Nxh5 34. axb5 axb5
35. Rb4 Rc5 36. Nd3 Rd5 37. Ke3 g5 38. c4 bxc4 39. Rxc4 Nf6 40. b4 g4 41. Nc5+ Kd6
42. Nb3 Rd1 43. Nd4 Nd5+ 44. Ke2 Nc3+ 45. Ke3 Nd5+ 46. Ke2 Rb1 47. Nxf5+ Ke6 48.
Nxh6 Rb2+ 49. Kd3 g3 50. f5+ Kf6 51. Rg4 g2 52. Ke4 Rxb4+ 53. Kf3 Rb3+ 54. Ke4 Rb4+
55. Kf3 Rf4+ 56. Kxg2 Ne3+ 57. Kg3 Rxg4+ 58. Nxg4+  1/2-1/2

[Event "36th Reykjavik op"]
[Site "Reykjavik ISL"]
[Date "2023.03.30"]
[Round "2.12"]
[White "Pranav, V"]
[Black "Soderstrom, Adrian"]
[WhiteElo "2545"]
[BlackElo "2322"]
[Result "1-0"]
[EventDate "2023.03.29"]
[PlyCount "115"]

1. e4 e5 2. Nf3 Nc6 3. Bb5 a6 4. Ba4 Nf6 5. O-O Be7 6. d3 b5 7. Bb3 O-O 8. Nc3 d6
9. a3 Na5 10. Ba2 Be6 11. Bxe6 fxe6 12. b4 Nc6 13. Bd2 d5 14. Rb1 Qd6 15. Re1 d4
16. Ne2 Nh5 17. Rf1 Kh8 18. Nc1 Nf4 19. g3 Ng6 20. h4 Rf7 21. Nb3 Nf8 22. Kg2 Nd7
23. Ng5 Bxg5 24. hxg5 Ne7 25. Rc1 Raf8 26. f3 Nb6 27. Rf2 Na4 28. Qh1 Qb6 29. Qh3
g6 30. Rcf1 Qc6 31. Na5 Qd7 32. f4 Nc6 33. Nb3 exf4 34. gxf4 Kg8 35. Rf3 Qe7 36.
Qg4 Qd7 37. Be1 Qd6 38. Bg3 Qd7 39. R3f2 Qe7 40. Rh1 Qd7 41. Rh6 Qe7 42. Rf1 Qd7
43. Rfh1 Qe7 44. R1h4 Rg7 45. Qh3 Kh8 46. Kh1 Kg8 47. Bh2 Kh8 48. Bg1 Rd8 49. f5
exf5 50. exf5 gxf5 51. Rxc6 Qxg5 52. Bf2 Re8 53. Rch6 Re1+ 54. Kh2 Re2 55. Rxh7+
Kg8 56. Rxg7+ Kxg7 57. Qg3 Kf6 58. Nxd4  1-0

[Event "36th Reykjavik op"]
[Site "Reykjavik ISL"]
[Date "2023.03.30"]
[Round "2.13"]
[White "Gaal, Zsoka"]
[Black "Papp, Gabor"]
[WhiteElo "2320"]
[BlackElo "2544"]
[Result "1/2-1/2"]
[EventDate "2023.03.29"]
[PlyCount "58"]

1. d4 g6 2. e4 Bg7 3. Nc3 d6 4. f4 Nf6 5. Nf3 c5 6. Bb5+ Bd7 7. e5 Ng4 8. h3 Bxb5
9. Nxb5 dxe5 10. hxg4 Qa5+ 11. c3 e4 12. Qe2 exf3 13. Nd6+ Kf8 14. Qxf3 Qc7 15. Nxb7
cxd4 16. Nd8 dxc3 17. Qxa8 cxb2 18. Bxb2 Bxb2 19. Rd1 Kg7 20. Qd5 Qxf4 21. Rh3 Qe5+
22. Kf1 Qxd5 23. Rxd5 e6 24. Rd1 Bf6 25. Rb3 Rxd8 26. Rxd8 Bxd8 27. Rxb8 Bb6 28.
Ke2 h6 29. Re8 Kf6  1/2-1/2

[Event "36th Reykjavik op"]
[Site "Reykjavik ISL"]
[Date "2023.03.30"]
[Round "2.14"]
[White "Jacobson, Brandon"]
[Black "Pourkashiyan, Atousa"]
[WhiteElo "2543"]
[BlackElo "2313"]
[Result "1-0"]
[EventDate "2023.03.29"]
[PlyCount "57"]

1. Nf3 d5 2. d4 Nf6 3. c4 e6 4. Nc3 c5 5. e3 Nc6 6. a3 cxd4 7. exd4 Be7 8. c5 Ne4
9. Qc2 f5 10. Bb5 O-O 11. Bxc6 bxc6 12. h4 e5 13. Nxe5 Bxh4 14. Nxe4 fxe4 15. Be3
Bb7 16. O-O-O Bf6 17. Rh5 g6 18. Rh6 Rc8 19. f4 Rc7 20. g4 Bc8 21. Qg2 Bg7 22. f5
gxf5 23. gxf5 Bxf5 24. Rg1 Kh8 25. Rxc6 Bxe5 26. dxe5 Bg6 27. Rxg6 hxg6 28. Qxg6
Qh4 29. e6  1-0

[Event "36th Reykjavik op"]
[Site "Reykjavik ISL"]
[Date "2023.03.30"]
[Round "2.15"]
[White "Tamas, Gunes Ongut"]
[Black "Maze, Sebastien"]
[WhiteElo "2317"]
[BlackElo "2542"]
[Result "1/2-1/2"]
[EventDate "2023.03.29"]
[PlyCount "79"]

1. e4 c5 2. c3 Nf6 3. e5 Nd5 4. Nf3 Nc6 5. Bc4 Nb6 6. Bb3 c4 7. Bc2 d6 8. exd6 Qxd6
9. O-O Bg4 10. Re1 Ne5 11. Rxe5 Bxf3 12. Qe1 Bc6 13. Na3 g6 14. b3 Bg7 15. Re2 cxb3
16. axb3 O-O 17. Nc4 Nxc4 18. bxc4 Rfe8 19. Ba3 Qd7 20. d4 e6 21. Qd1 b5 22. cxb5
Bxb5 23. Bd3 a5 24. Bxb5 Qxb5 25. Bc5 Rec8 26. Rea2 Bf8 27. Bxf8 Kxf8 28. Qd2 a4
29. h4 Kg7 30. Qg5 Qc4 31. Qe5+ f6 32. Qd6 Ra7 33. Rxa4 Rxa4 34. Qd7+ Kh6 35. Rxa4
Qxc3 36. Ra7 Qc1+ 37. Kh2 Qf4+ 38. Kh3 Rc3+ 39. f3 Rxf3+ 40. gxf3  1/2-1/2

[Event "36th Reykjavik op"]
[Site "Reykjavik ISL"]
[Date "2023.03.30"]
[Round "2.16"]
[White "Doluhanova, Evgeniya"]
[Black "Visakh, N. R."]
[WhiteElo "2311"]
[BlackElo "2538"]
[Result "0-1"]
[EventDate "2023.03.29"]
[PlyCount "92"]

1. Nf3 d5 2. b3 Nf6 3. Bb2 e6 4. e3 b6 5. d4 Bd6 6. Bd3 O-O 7. Nbd2 Bb7 8. O-O Ne4
9. c4 Nd7 10. Rc1 Qe7 11. Ne5 Nxd2 12. Qxd2 Nxe5 13. dxe5 Bb4 14. Qc2 dxc4 15. Bxh7+
Kh8 16. Be4 cxb3 17. axb3 c5 18. Bxb7 Qxb7 19. Qe2 b5 20. Bc3 Rac8 21. Rfd1 Ba3 22.
Rb1 Kg8 23. e4 Bb4 24. Rbc1 Rfd8 25. Bxb4 cxb4 26. Rxd8+ Rxd8 27. h4 Qd7 28. Qg4
Qd2 29. Ra1 Rd7 30. Ra5 Rb7 31. Qf3 Qc1+ 32. Kh2 Qc7 33. Ra6 Qxe5+ 34. g3 Rd7 35.
Rc6 Rc7 36. Rxc7 Qxc7 37. Qd3 Qb8 38. h5 Qe5 39. Qe2 a5 40. f4 Qc5 41. e5 a4 42.
Qd1 Qd5 43. Qg4 Qd2+ 44. Kh3 Qd3 45. Qh4 axb3 46. Qe7 b2  0-1

[Event "36th Reykjavik op"]
[Site "Reykjavik ISL"]
[Date "2023.03.30"]
[Round "2.17"]
[White "Dvirnyy, Danyyil"]
[Black "Sigurbjorn, Bjornsson"]
[WhiteElo "2531"]
[BlackElo "2310"]
[Result "1/2-1/2"]
[EventDate "2023.03.29"]
[PlyCount "210"]

1. e4 c5 2. Nf3 d6 3. d4 cxd4 4. Nxd4 Nf6 5. Nc3 g6 6. Be3 Bg7 7. f3 O-O 8. Qd2 Nc6
9. Bc4 Bd7 10. O-O-O Rc8 11. Nxc6 Bxc6 12. Bb3 b5 13. Bxa7 Qa5 14. Bd4 b4 15. Ne2
Ba4 16. Kb1 Bxb3 17. cxb3 Ra8 18. Nc1 Rfc8 19. Rhe1 Nd7 20. Bxg7 Kxg7 21. Re2 Kg8
22. Qe3 Rxc1+ 23. Kxc1 Qxa2 24. Rc2 Nc5 25. Kd2 Nxb3+ 26. Ke1 e5 27. Kf2 Nd4 28.
Rcd2 Nb3 29. Re2 Nd4 30. Rxd4 exd4 31. Qxd4 b3 32. Qxd6 Qa7+ 33. Kg3 Rc8 34. Qd1
Qb8+ 35. e5 Rc2 36. f4 Qc8 37. Re3 Qb7 38. Qd8+ Kg7 39. Rf3 Qe4 40. Qf6+ Kg8 41.
h3 Qe2 42. Kh4 h6 43. Rxb3 Rxb2 44. Rxb2 Qxb2 45. Kg3 Qd2 46. Kh2 Qe3 47. h4 h5 48.
Qg5 Kg7 49. Qg3 Qe4 50. Qf2 Kg8 51. Kg3 Kg7 52. Qd2 Kh7 53. Kf2 Kg7 54. Qe3 Qc2+
55. Qe2 Qc5+ 56. Kg3 Qc8 57. Kh2 Qf5 58. Qf3 Kh7 59. Qg3 Qe4 60. Qg5 Kg7 61. Qg3
Kh7 62. Qf3 Qe1 63. g3 Qd2+ 64. Kh3 Qd7+ 65. g4 hxg4+ 66. Qxg4 Qd3+ 67. Qg3 Qf1+
68. Kh2 Kg7 69. Qe3 Kh7 70. Kg3 Kg7 71. Qf3 Qg1+ 72. Kh3 Qb1 73. Qe3 Qf5+ 74. Kg3
Kh7 75. Qd4 Qb1 76. Qe3 Qf5 77. Qb3 Kg7 78. Qc3 Kh7 79. Qf3 Qb1 80. h5 gxh5 81. Qxh5+
Kg7 82. Qg4+ Kh7 83. Qh5+ Kg7 84. Kh4 Qh1+ 85. Kg5 Qg2+ 86. Qg4 Qh2 87. Kf5+ Kf8
88. Ke4 Qc2+ 89. Ke3 Qc1+ 90. Kf2 Qd2+ 91. Kg3 Qe1+ 92. Kg2 Qd2+ 93. Kh3 Qd3+ 94.
Kh4 Qc2 95. Kg3 Qc3+ 96. Qf3 Qe1+ 97. Qf2 Qxf2+ 98. Kxf2 f6 99. e6 f5 100. Ke3 Ke7
101. Kd4 Kxe6 102. Kc5 Ke7 103. Kd5 Kd7 104. Ke5 Ke7 105. Kxf5 Kf7  1/2-1/2

[Event "36th Reykjavik op"]
[Site "Reykjavik ISL"]
[Date "2023.03.30"]
[Round "2.18"]
[White "Mons, Leon"]
[Black "Karthik, Rajaa"]
[WhiteElo "2514"]
[BlackElo "2302"]
[Result "1-0"]
[EventDate "2023.03.29"]
[PlyCount "96"]

1. Nf3 Nf6 2. g3 b5 3. Bg2 Bb7 4. O-O e6 5. d3 c5 6. e4 d6 7. Ng5 h6 8. Nh3 Nbd7
9. f4 Qc7 10. Qe2 Be7 11. Be3 a5 12. Nd2 a4 13. c3 e5 14. d4 O-O 15. fxe5 dxe5 16.
d5 c4 17. a3 Bc5 18. Bxc5 Qxc5+ 19. Kh1 Ra6 20. Nf2 Bc8 21. Bh3 Qe7 22. Nf3 Nc5 23.
Bxc8 Rxc8 24. Rad1 g6 25. Qe3 Kg7 26. Kg2 Ncd7 27. h3 Rh8 28. Ne1 Ne8 29. Nc2 Nd6
30. Nb4 Raa8 31. Nc6 Qg5 32. Qf3 f5 33. h4 Qf6 34. Ng4 Qf8 35. exf5 Nxf5 36. Ngxe5
Nxe5 37. Nxe5 Re8 38. Nxg6 Kxg6 39. Qg4+ Kh7 40. Rxf5 Qe7 41. Rdf1 Rhf8 42. Rxf8
Rxf8 43. Qe6 Qg7 44. Rxf8 Qxf8 45. d6 Qa8+ 46. Kf2 Qh1 47. d7 Qh2+ 48. Kf3 Qh1+  1-0

[Event "36th Reykjavik op"]
[Site "Reykjavik ISL"]
[Date "2023.03.30"]
[Round "2.19"]
[White "Olson, Hamish"]
[Black "Vignesh, N. R."]
[WhiteElo "2309"]
[BlackElo "2513"]
[Result "1-0"]
[EventDate "2023.03.29"]
[PlyCount "101"]

1. d4 Nf6 2. Nf3 e6 3. c4 c5 4. d5 exd5 5. cxd5 d6 6. Nc3 g6 7. Nd2 Bg7 8. e4 O-O
9. Be2 Re8 10. O-O Na6 11. Re1 Nc7 12. a4 b6 13. f4 Ba6 14. Bb5 Bxb5 15. axb5 Qd7
16. Nc4 Ng4 17. e5 dxe5 18. h3 Nf6 19. d6 Nxb5 20. fxe5 Nxc3 21. bxc3 b5 22. exf6
Bxf6 23. Nb6 Rxe1+ 24. Qxe1 Re8 25. Nxd7 Rxe1+ 26. Kf2 Bxc3 27. Rb1 Rd1 28. Nxc5
Rxd6 29. Rxb5 Rb6 30. Rxb6 axb6 31. Ne4 Be5 32. Be3 f5 33. Ng5 b5 34. Ke2 Bf6 35.
Kd3 h6 36. Ne6 g5 37. Nc7 Kf7 38. Nxb5 h5 39. h4 f4 40. hxg5 Bxg5 41. Bf2 Kg6 42.
Ke4 h4 43. Nd4 Kh5 44. Kf5 h3 45. gxh3 Bh4 46. Bg1 Bd8 47. Nf3 Bc7 48. Bd4 Bd6 49.
Be5 Be7 50. Bxf4 Bd8 51. Bg5  1-0

[Event "36th Reykjavik op"]
[Site "Reykjavik ISL"]
[Date "2023.03.30"]
[Round "2.20"]
[White "Demuth, Adrien"]
[Black "Papp, Sarah"]
[WhiteElo "2475"]
[BlackElo "2288"]
[Result "1-0"]
[EventDate "2023.03.29"]
[PlyCount "79"]

1. Nf3 Nf6 2. c4 e6 3. b3 d5 4. Bb2 c5 5. cxd5 exd5 6. g3 Nc6 7. Bg2 Bd6 8. O-O O-O
9. d4 cxd4 10. Nxd4 Re8 11. Nd2 Bg4 12. N2f3 Rc8 13. h3 Bd7 14. Rc1 a6 15. Nxc6 bxc6
16. Qd3 Ne4 17. Nd2 f5 18. e3 Kh8 19. Nf3 Re6 20. Rc2 Qe8 21. Rfc1 a5 22. Qd4 Qe7
23. Qa7 Rg6 24. Ne5 Bxe5 25. Bxe5 Qxe5 26. Qxd7 Qe6 27. Qxe6 Rxe6 28. Bxe4 fxe4 29.
Rc5 Rd6 30. Rxa5 Kg8 31. Rac5 Kf7 32. b4 Ra8 33. Rxc6 Rxc6 34. Rxc6 Rxa2 35. b5 Rb2
36. b6 g5 37. Rd6 Rb5 38. Rd7+ Kg6 39. b7 h5 40. Rd6+  1-0